[Event "12e Tournoi de Noël"]
[Site "Montigny le Bretonneux"]
[Date "2009.12.26"]
[Round "1.1"]
[White "Brisson, Pascal"]
[Black "Guliyev, Namig"]
[Result "0-1"]
[WhiteElo "1826"]
[BlackElo "2514"]
[Annotator "Rivier,Sylvain"]
[PlyCount "78"]
[Source "La Dame Noire"]
[SourceDate "2009.01.01"]

{Gambit dame accepté} 1. d4 d5 2. c4 dxc4 3. e4 Nf6 4. e5 Nd5 5. Bxc4 Nb6 6.
Be2 Nc6 7. Nf3 Bg4 8. Be3 Qd7 9. Nbd2 e6 10. O-O Be7 11. Qb3 O-O 12. Rfd1 Nb4
13. Rac1 N4d5 14. Ne4 Qa4 15. Nc5 Qxb3 16. Nxb3 Nd7 17. a3 a5 18. Nbd2 Rfd8 19.
h3 Bh5 20. Nf1 Rac8 21. Ng3 Bg6 22. Bd3 {#} c5 23. Bxg6 hxg6 24. Ne4 c4 25. Bg5
f6 26. Bd2 a4 27. Bc3 g5 28. exf6 gxf6 29. Re1 Rc6 30. g3 b5 31. Kg2 Rb8 32.
Re2 Kf7 33. Rce1 Rg8 34. Bd2 g4 35. hxg4 Rxg4 36. Nc3 Nxc3 37. Bxc3 Nb6 38. Re5
Nd5 39. Rh5 Nf4+ 0-1

[Event "12e Tournoi de Noël"]
[Site "Montigny le Bretonneux"]
[Date "2009.12.26"]
[Round "1.2"]
[White "Ider, Borya"]
[Black "Jean, Robert"]
[Result "1-0"]
[WhiteElo "2276"]
[BlackElo "1809"]
[Annotator "Rivier,Sylvain"]
[PlyCount "85"]
[Source "La Dame Noire"]
[SourceDate "2009.01.01"]

{Défense est-indienne} 1. d4 Nf6 2. c4 g6 3. Nc3 Bg7 4. e4 d6 5. h3 O-O 6. Bg5
c5 7. d5 Qa5 8. Bd2 a6 9. a4 Qc7 10. Bd3 Nbd7 11. Nf3 b6 12. O-O e6 13. Re1 Bb7
14. Bc2 exd5 15. cxd5 Rfe8 16. Be3 Ne5 17. Nd2 Nh5 18. f4 Nd7 19. Qf3 Nhf6 20.
Qf2 Rab8 21. Rac1 Re7 22. Nc4 Ne8 23. Rcd1 Bc8 24. e5 b5 25. axb5 axb5 26. Nxd6
Nxd6 27. exd6 Qxd6 28. Ne4 Qb6 29. b4 {#} Rxe4 30. Bxe4 Bc3 31. bxc5 Qa5 32.
Re2 Nf6 33. Bb1 b4 34. d6 Bd7 35. Ra2 Qb5 36. Bd3 Qb7 37. Ra6 Ne4 38. Qf3 f5
39. Rb6 Qa7 40. Rxb8+ Qxb8 41. Bxe4 fxe4 42. Qxe4 Bf5 43. Qd5+ 1-0

[Event "12e Tournoi de Noël"]
[Site "Montigny le Bretonneux"]
[Date "2009.12.26"]
[Round "1.3"]
[White "Kuhar, Carl"]
[Black "Stroppa, Daniel"]
[Result "1-0"]
[WhiteElo "1787"]
[BlackElo "2208"]
[Annotator "Rivier,Sylvain"]
[PlyCount "59"]
[Source "La Dame Noire"]
[SourceDate "2009.01.01"]

{Défense sicilienne, variante O'Kelly} 1. e4 c5 2. Nf3 a6 3. d4 cxd4 4. Nxd4 e5
5. Nb3 Nf6 6. Nc3 Bb4 7. Qd3 d5 8. Bd2 d4 9. Ne2 Bxd2+ 10. Nxd2 O-O 11. Ng3
Nbd7 12. Nb3 a5 13. a4 b6 14. Be2 Ba6 15. Qd2 Nc5 16. Nxc5 bxc5 17. b3 Qc7 18.
Bxa6 Rxa6 19. O-O c4 20. f4 Ng4 21. fxe5 Qc5 22. Kh1 c3 23. Qe2 Rg6 {#} 24. e6
Qc7 25. Rxf7 Rxf7 26. exf7+ Qxf7 27. Rf1 Qc7 28. Qb5 h6 29. Qe8+ Kh7 30. Rf8
1-0

[Event "12e Tournoi de Noël"]
[Site "Montigny le Bretonneux"]
[Date "2009.12.26"]
[Round "1.4"]
[White "Martsynovskaya, Marina"]
[Black "Habunek, Patrick"]
[Result "1-0"]
[WhiteElo "2204"]
[BlackElo "1786"]
[Annotator "Rivier,Sylvain"]
[PlyCount "63"]
[Source "La Dame Noire"]
[SourceDate "2009.01.01"]

{Défense sicilienne, variante Najdorf} 1. e4 c5 2. Nf3 d6 3. d4 cxd4 4. Nxd4
Nf6 5. Nc3 a6 6. a4 e5 7. Nf3 Be6 8. Be2 Be7 9. O-O Qc7 10. h3 Bc4 11. Nd5 Nxd5
12. exd5 Bxe2 13. Qxe2 Nd7 14. c4 O-O 15. Rd1 Rac8 16. b3 Rfe8 17. Ba3 Nc5 18.
Nd2 Bf8 19. a5 f5 20. b4 Ne4 21. Nxe4 fxe4 22. Rac1 g6 23. Qxe4 Qd7 24. c5 Qa4
25. Bb2 dxc5 26. d6 Qxb4 {#} 27. Qd5+ Kh8 28. Bxe5+ Rxe5 29. Qxe5+ Bg7 30. d7
Rg8 31. Qe6 Qxa5 32. Qxg8+ 1-0

[Event "12e Tournoi de Noël"]
[Site "Montigny le Bretonneux"]
[Date "2009.12.26"]
[Round "1.5"]
[White "Bouvier, Clement"]
[Black "Etrog, Jonathan"]
[Result "0-1"]
[WhiteElo "1776"]
[BlackElo "2178"]
[Annotator "Rivier,Sylvain"]
[PlyCount "62"]
[Source "La Dame Noire"]
[SourceDate "2009.01.01"]

{Ouverture irrégulière} 1. b4 e5 2. a3 d5 3. Bb2 Bd6 4. e3 Nf6 5. c4 c6 6. d4
exd4 7. Bxd4 O-O 8. Nf3 dxc4 9. Bxc4 b5 10. Ba2 a5 11. O-O axb4 12. axb4 Na6
13. Ng5 h6 {#} 14. Nxf7 Rxf7 15. Bxf7+ Kxf7 16. Bc5 Be7 17. Qf3 Bxc5 18. bxc5
Qd5 19. Qxd5+ Nxd5 20. Nd2 Nc3 21. Nf3 Bb7 22. Kh1 Nxc5 23. Rxa8 Bxa8 24. Rc1
b4 25. Ne5+ Ke6 26. Nc4 Bb7 27. Rc2 Ba6 28. Na5 Bb5 29. Rb2 Nd3 30. Rd2 c5 31.
f3 c4 0-1

[Event "12e Tournoi de Noël"]
[Site "Montigny le Bretonneux"]
[Date "2009.12.26"]
[Round "1.6"]
[White "Goulenok, Eric"]
[Black "Couronne, Patrice"]
[Result "1-0"]
[WhiteElo "2177"]
[BlackElo "1768"]
[Annotator "Rivier,Sylvain"]
[PlyCount "97"]
[Source "La Dame Noire"]
[SourceDate "2009.01.01"]

{Défense est-indienne} 1. c4 Nf6 2. Nc3 d6 3. d4 g6 4. e4 Bg7 5. Be2 O-O 6. g4
e5 7. d5 Nfd7 8. h4 h6 9. Be3 f6 10. Qd2 g5 11. Bf3 Nb6 12. b3 a5 13. Nge2 a4
14. Bxb6 cxb6 15. Nxa4 Bd7 16. Nac3 Na6 17. Ng3 Nc5 18. Rb1 Qc8 19. Nf5 Bxf5
20. gxf5 Na6 21. hxg5 fxg5 22. Na4 Qd8 23. Ke2 Nc5 24. Nc3 Nd7 25. Bh5 Rf6 26.
Nd1 Nc5 27. f3 Qd7 {#} 28. a4 Nxa4 29. bxa4 Qxa4 30. Ne3 Rff8 31. Rxb6 Rfb8 32.
Bg6 Qa3 33. Rhb1 Ra7 34. Qb2 Qc5 35. Rb5 Qc7 36. Kf2 Kf8 37. Qb4 Ke7 38. Kg3
Kd7 39. c5 Bf8 40. c6+ Kc8 41. f6 h5 42. Bxh5 Qh7 43. Rh1 Kc7 44. cxb7 Raxb7
45. Qc4+ Kd8 46. Rxb7 Qxb7 47. Rc1 Bh6 48. Qc6 Qxc6 49. dxc6 1-0

[Event "12e Tournoi de Noël"]
[Site "Montigny le Bretonneux"]
[Date "2009.12.26"]
[Round "1.7"]
[White "Guillot, Alain"]
[Black "Riazuelo, Gilles"]
[Result "0-1"]
[WhiteElo "1759"]
[BlackElo "2102"]
[Annotator "Rivier,Sylvain"]
[PlyCount "59"]
[Source "La Dame Noire"]
[SourceDate "2009.01.01"]

{Ouverture anglaise, variante symétrique} 1. c4 g6 2. Nc3 c5 3. Nf3 Bg7 4. d4
cxd4 5. Nxd4 Nc6 6. e3 Nf6 7. Be2 O-O 8. O-O d6 9. b3 a6 10. Bb2 Bd7 11. Bf3
Re8 12. Re1 Rb8 13. Nxc6 Bxc6 14. e4 Nd7 15. Qe2 b5 16. cxb5 axb5 17. Nd5 Bxb2
18. Qxb2 Bxd5 19. exd5 b4 20. Qd2 {#} Ne5 21. Re3 Rf8 22. Be2 f5 23. Rh3 Rf7
24. f4 Qb6+ 25. Kh1 Nd7 26. Rc1 Nc5 27. Bf3 Rc8 28. Rc4 Qa5 29. Rxb4 Nd3 30.
Rd4 0-1

[Event "12e Tournoi de Noël"]
[Site "Montigny le Bretonneux"]
[Date "2009.12.26"]
[Round "1.8"]
[White "Vallobra, Pierre"]
[Black "Hurlot, Rodolphe"]
[Result "1-0"]
[WhiteElo "2055"]
[BlackElo "1745"]
[Annotator "Rivier,Sylvain"]
[PlyCount "65"]
[Source "La Dame Noire"]
[SourceDate "2009.01.01"]

{Défense est-indienne, variante classique} 1. d4 Nf6 2. c4 g6 3. Nc3 Bg7 4. e4
d6 5. Nf3 O-O 6. Be2 c5 7. d5 Na6 8. O-O Nc7 9. Bf4 Rb8 10. Qd2 a6 11. e5 Nfe8
12. a4 dxe5 13. Bxe5 f6 14. Bg3 Nd6 15. a5 Bd7 16. Qe3 b6 17. axb6 Rxb6 18.
Qxc5 Rxb2 19. Rab1 Rxb1 20. Rxb1 f5 {#} 21. Be5 Nce8 22. Bxg7 Kxg7 23. Qd4+ Nf6
24. c5 Nde4 25. Rb7 Bc8 26. Ra7 Nxc3 27. Qxc3 Qxd5 28. Rxe7+ Rf7 29. Bc4 Qd1+
30. Re1 Qd7 31. Bxf7 Qxf7 32. Ng5 Qc7 33. Nxh7 1-0

[Event "12e Tournoi de Noël"]
[Site "Montigny le Bretonneux"]
[Date "2009.12.26"]
[Round "1.9"]
[White "Clement-Demange, Bernard"]
[Black "San Marco, Jean"]
[Result "0-1"]
[WhiteElo "1735"]
[BlackElo "2008"]
[Annotator "Rivier,Sylvain"]
[PlyCount "128"]
[Source "La Dame Noire"]
[SourceDate "2009.01.01"]

{Gambit dame, défense semi-Tarrasch} 1. c4 Nf6 2. Nc3 e6 3. d4 d5 4. e3 c5 5.
Nf3 Nc6 6. Be2 Be7 7. O-O O-O 8. b3 a6 9. Bb2 dxc4 10. Bxc4 b5 11. Bd3 Bb7 12.
dxc5 Bxc5 13. Ne4 Be7 14. Nxf6+ Bxf6 15. Bxf6 Qxf6 16. a3 Rfd8 17. Ra2 Na5 18.
Rd2 Bxf3 19. gxf3 Rac8 {#} 20. f4 g6 21. Bc2 Rxd2 22. Qxd2 Qc3 23. Qxc3 Rxc3
24. Bd1 Nxb3 25. Bxb3 Rxb3 26. Ra1 Kg7 27. Kg2 Kf6 28. Kf3 Rb2 29. h3 e5 30.
Rc1 exf4 31. Kxf4 Rxf2+ 32. Kg3 Rf5 33. Rc6+ Ke5 34. Rxa6 Ke4 35. a4 bxa4 36.
Rxa4+ Kxe3 37. Ra3+ Ke4 38. Ra4+ Ke5 39. Ra5+ Kf6 40. Ra4 h5 41. h4 Rb5 42.
Rf4+ Kg7 43. Ra4 Rb3+ 44. Kg2 Re3 45. Rb4 Kf6 46. Rf4+ Ke6 47. Ra4 Kf5 48. Ra1
Kf4 49. Rf1+ Kg4 50. Rxf7 Kxh4 51. Rf4+ Kg5 52. Rf1 h4 53. Kh2 Kh5 54. Rg1 g5
55. Rg2 h3 56. Ra2 Kh4 57. Ra8 Re2+ 58. Kh1 g4 59. Ra3 g3 60. Ra4+ Kg5 61. Ra1
Kf4 62. Kg1 Kf3 63. Ra3+ Re3 64. Ra1 g2 0-1

[Event "12e Tournoi de Noël"]
[Site "Montigny le Bretonneux"]
[Date "2009.12.26"]
[Round "1.10"]
[White "Baron, Romuald"]
[Black "Branson, James"]
[Result "1-0"]
[WhiteElo "1984"]
[BlackElo "1674"]
[Annotator "Rivier,Sylvain"]
[PlyCount "49"]
[Source "La Dame Noire"]
[SourceDate "2009.01.01"]

{Partie espagnole, gambit Marshall} 1. e4 e5 2. Nf3 Nc6 3. Bb5 a6 4. Ba4 Nf6 5.
O-O b5 6. Bb3 Be7 7. Re1 O-O 8. c3 d5 9. exd5 Nxd5 10. d4 e4 11. Ne5 Nxe5 12.
dxe5 c6 13. Nd2 e3 14. fxe3 Bb7 15. Nf3 Qb6 16. Nd4 Rad8 {#} 17. Qg4 Bc8 18.
Nf5 Bxf5 19. Qxf5 Bc5 20. Kh1 Nxe3 21. Bxe3 Bxe3 22. e6 Rb8 23. exf7+ Rxf7 24.
Qxf7+ Kh8 25. Qe7 1-0

[Event "12e Tournoi de Noël"]
[Site "Montigny le Bretonneux"]
[Date "2009.12.26"]
[Round "1.11"]
[White "Fruchard, Cyrille"]
[Black "Thomas, Vincent"]
[Result "1/2-1/2"]
[WhiteElo "1660"]
[BlackElo "1979"]
[Annotator "Rivier,Sylvain"]
[PlyCount "117"]
[Source "La Dame Noire"]
[SourceDate "2009.01.01"]

{Défense Grünfeld, variante fermée} 1. d4 Nf6 2. c4 c5 3. e3 g6 4. Nc3 Bg7 5.
Nf3 O-O 6. Be2 cxd4 7. exd4 d5 8. O-O Nc6 9. h3 Bf5 10. a3 Rc8 11. c5 Ne4 12.
Bb5 Nxc3 13. bxc3 Qa5 14. Qb3 Bc2 15. Qxc2 Qxb5 16. Be3 b6 17. cxb6 Qxb6 18.
Qd2 Na5 19. Rab1 Qa6 20. Bh6 Rc7 21. Qf4 Rxc3 22. Bxg7 Kxg7 23. Qe5+ Qf6 24.
Qxd5 Nc6 25. Rfc1 Rd8 26. Qe4 Rxc1+ 27. Rxc1 Nxd4 28. Nxd4 Rxd4 29. Qe3 Qf4 30.
Qxf4 Rxf4 {#} 31. Rc7 Ra4 32. Rxe7 Rxa3 33. Kf1 g5 34. g3 h5 35. Kg2 Kf6 36.
Rb7 a5 37. Rb6+ Kg7 38. Ra6 f6 39. Ra7+ Kg6 40. Ra6 Kf5 41. Ra8 g4 42. h4 Ra2
43. Rh8 Kg6 44. Rg8+ Kh7 45. Ra8 a4 46. Ra6 Kg6 47. Ra8 a3 48. Ra5 Ra1 49. Ra4
a2 50. Ra5 Kg7 51. Ra7+ Kg6 52. Ra5 Kf7 53. Ra7+ Ke6 54. Ra5 Kd6 55. Kh2 Kc6
56. Kg2 Kb6 57. Ra4 Kb5 58. Ra8 Kc4 59. Rc8+ 1/2-1/2

[Event "12e Tournoi de Noël"]
[Site "Montigny le Bretonneux"]
[Date "2009.12.26"]
[Round "1.12"]
[White "Msellek, Ilyass"]
[Black "Rodriguez, Jean-Pierre"]
[Result "1-0"]
[WhiteElo "1973"]
[BlackElo "1648"]
[Annotator "Rivier,Sylvain"]
[PlyCount "67"]
[Source "La Dame Noire"]
[SourceDate "2009.01.01"]

{Défense Caro-Kann, variante principale} 1. e4 c6 2. d4 d5 3. Nc3 dxe4 4. Nxe4
Bf5 5. Ng3 Bg6 6. h4 h6 7. h5 Bh7 8. Nf3 Nd7 9. Bd3 Ngf6 10. Bxh7 Nxh7 11. Qe2
e6 12. Bd2 Qc7 13. O-O-O O-O-O {#} 14. c4 Nhf6 15. Bc3 Be7 16. Ne5 Ne8 17. Kb1
Nxe5 18. dxe5 g5 19. Ne4 Rf8 20. Rxd8+ Qxd8 21. Rd1 Qc7 22. c5 b6 23. Qa6+ Kb8
24. Bd4 Qb7 25. Qc4 b5 26. Qc2 Qc7 27. Nd6 Ng7 28. Qh7 Nf5 29. Nxf5 exf5 30.
Qxf5 Rd8 31. Qf3 Qd7 32. Qxf7 Rf8 33. e6 Qd8 34. Be5+ 1-0

[Event "12e Tournoi de Noël"]
[Site "Montigny le Bretonneux"]
[Date "2009.12.26"]
[Round "1.13"]
[White "Couradin, Bruno"]
[Black "Claisse, Patrick"]
[Result "0-1"]
[WhiteElo "1630"]
[BlackElo "1923"]
[Annotator "Rivier,Sylvain"]
[PlyCount "124"]
[Source "La Dame Noire"]
[SourceDate "2009.01.01"]

{Défense sicilienne, variante Taimanov} 1. e4 c5 2. Nf3 Nc6 3. d4 cxd4 4. Nxd4
Nf6 5. Nc3 e6 6. Bg5 a6 7. a3 Be7 8. Be2 Qa5 9. Nxc6 bxc6 10. Bd2 Qb6 11. Rb1
d5 12. e5 Nd7 13. Be3 Qa5 14. f4 Rb8 15. O-O c5 16. Bd2 Qc7 17. b3 O-O 18. Bg4
f5 19. exf6 Nxf6 20. Bh3 d4 21. Ne2 Bd6 22. Ng3 e5 23. Bxc8 Qxc8 24. fxe5 Bxe5
25. Nf5 Qc7 26. g3 Ne4 27. Qe2 Nxd2 28. Qxd2 g6 29. Qg5 Rbe8 {#} 30. Nh6+ Kg7
31. Ng4 Qe7 32. Qh6+ Kg8 33. Rbe1 Rxf1+ 34. Kxf1 Qf8+ 35. Kg2 Bg7 36. Rxe8 Qxe8
37. Qd2 Qe4+ 38. Kh3 Qf5 39. Qf4 Qxf4 40. gxf4 Kf7 41. Kg3 Ke6 42. Kf3 Kf5 43.
h3 a5 44. a4 h5 45. Nf2 Bh6 46. Nd3 Bf8 47. Ne5 Bd6 48. Nc4 Bc7 49. h4 Bd8 50.
Nd6+ Ke6 51. Nb7 Bxh4 52. Nxc5+ Kf5 53. Nd3 Bd8 54. Ne5 g5 55. Nc6 g4+ 56. Kg3
h4+ 57. Kg2 Bf6 58. b4 Kxf4 59. b5 h3+ 60. Kh1 g3 61. b6 g2+ 62. Kg1 Kg3 0-1

[Event "12e Tournoi de Noël"]
[Site "Montigny le Bretonneux"]
[Date "2009.12.26"]
[Round "1.14"]
[White "Appavou, Calixte"]
[Black "Canto, Jean-Louis"]
[Result "1/2-1/2"]
[WhiteElo "1894"]
[BlackElo "1610"]
[Annotator "Rivier,Sylvain"]
[PlyCount "74"]
[Source "La Dame Noire"]
[SourceDate "2009.01.01"]

{Défense sicilienne, variante Alapine} 1. e4 c5 2. Nf3 d6 3. c3 Nc6 4. d4 cxd4
5. cxd4 e6 6. Nc3 Bd7 7. Be2 Nf6 8. O-O Be7 9. e5 dxe5 10. dxe5 Ng4 11. Bf4 f6
12. exf6 Nxf6 13. Ne5 O-O 14. Nxd7 Nxd7 15. Bd6 Nf6 16. Bxe7 Qxe7 17. Qa4 a6
18. Rad1 Rad8 19. h3 Kh8 20. Rxd8 Rxd8 21. Rd1 Nd5 22. Bf3 Nxc3 23. bxc3 Rxd1+
24. Qxd1 Qd8 25. Qxd8+ Nxd8 {#} 26. Kf1 Kg8 27. Ke2 Kf8 28. Kd3 Ke7 29. Be4 h6
30. f4 b6 31. Kd4 Kd6 32. c4 Nf7 33. Bb7 a5 34. Be4 e5+ 35. fxe5+ Nxe5 36. Bd5
Nd7 37. Bf3 Ne5 1/2-1/2

[Event "12e Tournoi de Noël"]
[Site "Montigny le Bretonneux"]
[Date "2009.12.26"]
[Round "1.15"]
[White "Galopin, Gregory"]
[Black "Conq, Alain"]
[Result "0-1"]
[WhiteElo "1590"]
[BlackElo "1886"]
[Annotator "Rivier,Sylvain"]
[PlyCount "76"]
[Source "La Dame Noire"]
[SourceDate "2009.01.01"]

{Gambit dame, défense semi-slave} 1. d4 d5 2. c4 c6 3. Nc3 Nf6 4. e3 e6 5. Nf3
Bd6 6. Bd3 O-O 7. O-O Nbd7 8. Re1 dxc4 9. Bxc4 e5 10. b3 exd4 11. exd4 Nb6 12.
Bd3 Bb4 13. Bb2 Bg4 14. a3 Bxc3 15. Bxc3 Nbd5 16. Bb2 Qb6 17. Bc2 Rfe8 18. Qd3
Nf4 19. Qd2 Bxf3 20. Qxf4 Bd5 21. b4 a5 {#} 22. Qd2 axb4 23. Rxe8+ Rxe8 24.
axb4 Be6 25. Qc3 Nd5 26. Qc5 Qxb4 27. Qxb4 Nxb4 28. Be4 f5 29. Bf3 Bd5 30.
Bxd5+ Nxd5 31. Kf1 Kf7 32. Re1 Rxe1+ 33. Kxe1 Nf4 34. Kf1 g6 35. g3 Nd3 36. Bc3
c5 37. Ke2 c4 38. d5 b5 0-1

[Event "12e Tournoi de Noël"]
[Site "Montigny le Bretonneux"]
[Date "2009.12.26"]
[Round "1.16"]
[White "Ferreira, Carlos"]
[Black "Mauron, Regis"]
[Result "1-0"]
[WhiteElo "1872"]
[BlackElo "1585"]
[Annotator "Rivier,Sylvain"]
[PlyCount "53"]
[Source "La Dame Noire"]
[SourceDate "2009.01.01"]

{Défense sicilienne, système fermé} 1. e4 c5 2. Nc3 Nc6 3. Bc4 Nf6 4. a4 g6 5.
d3 Bg7 6. Nge2 O-O 7. O-O d6 8. f4 e6 9. Ng3 Nd4 10. Nce2 b6 11. c3 Nxe2+ 12.
Qxe2 e5 13. f5 d5 14. Bb3 Ba6 15. exd5 Nxd5 16. Qf3 {#} Nf4 17. Bxf4 exf4 18.
Qxf4 g5 19. Qg4 Bxd3 20. Rad1 c4 21. Bxc4 Qe7 22. Rxd3 h6 23. Rdf3 Qc5+ 24. Kh1
Be5 25. Nh5 Kh7 26. f6 Bc7 27. Qe4+ 1-0

[Event "12e Tournoi de Noël"]
[Site "Montigny le Bretonneux"]
[Date "2009.12.26"]
[Round "1.17"]
[White "Verkarre, Sylvie"]
[Black "Le Grix De La Salle, Jean-Marie"]
[Result "0-1"]
[WhiteElo "1520"]
[BlackElo "1869"]
[Annotator "Rivier,Sylvain"]
[PlyCount "52"]
[Source "La Dame Noire"]
[SourceDate "2009.01.01"]

{Défense sicilienne, variante fermée} 1. e4 c5 2. f4 Nc6 3. Nf3 g6 4. Bc4 Bg7
5. Nc3 e6 6. O-O Nge7 7. d3 O-O 8. a3 d5 9. Ba2 dxe4 10. Nxe4 Nf5 11. c3 b6 12.
Qe2 Ba6 13. Ne1 Qd7 14. Be3 Rad8 15. Rd1 {#} Ncd4 16. Bxd4 cxd4 17. cxd4 Qxd4+
18. Kh1 Ne3 19. Nf3 Bxd3 20. Rxd3 Qxd3 21. Qxd3 Rxd3 22. Re1 Rfd8 23. h3 Rd1
24. Rxd1 Rxd1+ 25. Kh2 Nf1+ 26. Kg1 Ng3+ 0-1

[Event "12e Tournoi de Noël"]
[Site "Montigny le Bretonneux"]
[Date "2009.12.26"]
[Round "1.18"]
[White "Danzanvilliers, Patrice"]
[Black "Bouloc, Roger"]
[Result "1-0"]
[WhiteElo "1855"]
[BlackElo "1460"]
[Annotator "Rivier,Sylvain"]
[PlyCount "85"]
[Source "La Dame Noire"]
[SourceDate "2009.01.01"]

{Défense sicilienne, attaque Sozin} 1. e4 c5 2. Nf3 d6 3. d4 cxd4 4. Nxd4 Nf6
5. Nc3 a6 6. Bc4 e6 7. Bb3 Be7 8. Be3 O-O 9. Qe2 Nc6 10. O-O-O Bd7 {#} 11. Rhg1
Qc7 12. g4 Nxd4 13. Bxd4 h6 14. f4 Nh7 15. Kb1 Bf6 16. Bxf6 Nxf6 17. g5 hxg5
18. fxg5 Ne8 19. Qh5 Qc5 20. Qh4 a5 21. Rg3 Qf2 22. a4 Bc6 23. Qh3 Rd8 24. g6
Nf6 25. gxf7+ Rxf7 26. Bxe6 Nxe4 27. Bxf7+ Qxf7 28. Nxe4 Bxe4 29. Qh4 Re8 30.
Rh3 Qg6 31. Rd2 Bf5 32. Rg3 Bxc2+ 33. Ka2 Qf7+ 34. b3 Qf5 35. Qg5 Qxg5 36. Rxg5
Be4 37. Rxd6 Bf3 38. Rd2 b6 39. Rg6 Rb8 40. Rd7 b5 41. Rgxg7+ Kf8 42. Rdf7+ Ke8
43. Rxf3 1-0

[Event "12e Tournoi de Noël"]
[Site "Montigny le Bretonneux"]
[Date "2009.12.26"]
[Round "1.19"]
[White "Miolane, Tom"]
[Black "Fayolle, Guy"]
[Result "0-1"]
[WhiteElo "1340"]
[BlackElo "1842"]
[Annotator "Rivier,Sylvain"]
[PlyCount "74"]
[Source "La Dame Noire"]
[SourceDate "2009.01.01"]

{Défense est-indienne, attaque des 4 pions} 1. d4 Nf6 2. c4 g6 3. Nc3 Bg7 4. e4
d6 5. f4 c5 6. dxc5 Qa5 7. Bd3 Qxc5 8. h3 Nh5 9. Nf3 Ng3 10. Rg1 Nc6 11. Na4
Qa5+ 12. Bd2 Qd8 13. c5 dxc5 14. Bb5 O-O 15. Bc3 Bxc3+ 16. bxc3 Nxe4 17. Qc2
Bf5 18. g4 Nd6 19. gxf5 Nxb5 20. fxg6 e6 21. gxh7+ Kh8 22. Rb1 a6 23. Rb2 Qf6
24. Nxc5 Qxf4 25. c4 Qxf3 26. cxb5 Qe3+ 27. Kf1 Nd4 28. Qg2 Qc1+ 29. Kf2 Qxb2+
30. Ke3 Nf5+ 31. Kf4 Qd4+ 32. Ne4 Kxh7 33. Qf3 Qxg1 34. Qh5+ Kg7 35. Ke5 Qh2+
36. Ng3 Qxg3+ 37. Ke4 Qe3# 0-1

[Event "12e Tournoi de Noël"]
[Site "Montigny le Bretonneux"]
[Date "2009.12.26"]
[Round "1.20"]
[White "Beaufils, Philippe"]
[Black "Brisson, Michele"]
[Result "1-0"]
[WhiteElo "1835"]
[BlackElo "1290"]
[Annotator "Rivier,Sylvain"]
[PlyCount "63"]
[Source "La Dame Noire"]
[SourceDate "2009.01.01"]

{Partie viennoise} 1. e4 e5 2. Nc3 Bc5 3. f4 exf4 4. Nf3 Nf6 5. e5 Ng4 6. d4
Bb4 7. Bxf4 Bxc3+ 8. bxc3 {#} O-O 9. h3 Nf6 10. exf6 Qxf6 11. Qd2 Re8+ 12. Be2
Qe6 13. Kf2 d6 14. Bd3 Nc6 15. d5 Qd7 16. dxc6 Qxc6 17. Rhe1 Rxe1 18. Rxe1 Be6
19. Ng5 Bxa2 20. Bxh7+ Kf8 21. Be4 Qb6+ 22. Qd4 Qxd4+ 23. cxd4 d5 24. Bd3 c6
25. Bd6+ Kg8 26. Re7 f6 27. Ne6 a5 28. Rxg7+ Kh8 29. Rg6 a4 30. Be7 Kh7 31.
Bxf6 a3 32. Ng5# 1-0

[Event "12e Tournoi de Noël"]
[Site "Montigny le Bretonneux"]
[Date "2009.12.27"]
[Round "2.1"]
[White "Guliyev, Namig"]
[Black "Msellek, Ilyass"]
[Result "1-0"]
[WhiteElo "2514"]
[BlackElo "1973"]
[Annotator "Rivier,Sylvain"]
[PlyCount "97"]
[Source "La Dame Noire"]
[SourceDate "2009.01.01"]

{Défense sicilienne, variante Scheveninge} 1. e4 c5 2. Nf3 d6 3. d4 cxd4 4.
Nxd4 Nf6 5. Nc3 a6 6. Be3 e6 7. f4 Nc6 8. Qf3 Qc7 9. O-O-O Be7 10. g4 h6 11.
Bd3 Nd7 12. Kb1 b5 13. e5 Bb7 14. Be4 Nxd4 15. Bxd4 d5 16. Bd3 O-O-O 17. h4 Nc5
18. h5 Kb8 19. a3 Nxd3 20. cxd3 Bc5 21. Qe3 Bxd4 22. Qxd4 Rc8 23. Rc1 Qc5 24.
Ne2 Qxd4 25. Nxd4 Rxc1+ 26. Rxc1 Rc8 27. b4 Rxc1+ 28. Kxc1 {#} Kc7 29. Kd2 Bc8
30. Ke3 Kd7 31. f5 Ke7 32. Kf4 Bd7 33. Nb3 Ke8 34. Nc5 Bc8 35. f6 gxf6 36. exf6
e5+ 37. Kxe5 Bxg4 38. Nxa6 Kd8 39. Kd6 Bxh5 40. Nc7 Bf3 41. Nxb5 h5 42. Nd4 Bg2
43. Ne6+ Kc8 44. Ng5 h4 45. Nxf7 h3 46. Ne5 h2 47. f7 h1=Q 48. f8=Q+ Kb7 49.
Qe7+ 1-0

[Event "12e Tournoi de Noël"]
[Site "Montigny le Bretonneux"]
[Date "2009.12.27"]
[Round "2.2"]
[White "Claisse, Patrick"]
[Black "Ider, Borya"]
[Result "0-1"]
[WhiteElo "1923"]
[BlackElo "2276"]
[Annotator "Rivier,Sylvain"]
[PlyCount "64"]
[Source "La Dame Noire"]
[SourceDate "2009.01.01"]

{Défense française, variante d'échange} 1. e4 e6 2. d4 d5 3. exd5 exd5 4. Nf3
Nc6 5. Bf4 Bg4 6. Be2 Bd6 7. Bxd6 Qxd6 8. c3 Nge7 9. O-O f6 10. Nbd2 O-O-O 11.
Re1 Rde8 12. Nf1 g5 13. b4 h5 14. Ne3 Ng6 15. Nd2 Bxe2 16. Qxe2 Nf4 17. Qf1 h4
18. a4 g4 19. a5 Reg8 20. Kh1 g3 21. h3 Ne7 22. f3 Neg6 23. Ra2 {#} Nxg2 24.
Nxg2 Qd7 25. Ne3 Nf4 26. Nb3 g2+ 27. Rxg2 Rxg2 28. Nxg2 Qxh3+ 29. Kg1 Rg8 30.
Re2 Qg3 31. Kh1 Nxe2 32. Qxe2 h3 0-1

[Event "12e Tournoi de Noël"]
[Site "Montigny le Bretonneux"]
[Date "2009.12.27"]
[Round "2.3"]
[White "Conq, Alain"]
[Black "Martsynovskaya, Marina"]
[Result "0-1"]
[WhiteElo "1886"]
[BlackElo "2204"]
[Annotator "Rivier,Sylvain"]
[PlyCount "48"]
[Source "La Dame Noire"]
[SourceDate "2009.01.01"]

{Partie du pion dame} 1. d4 d5 2. Nf3 e6 3. Bf4 Nf6 4. e3 a6 5. Bd3 Nbd7 6.
Nbd2 c5 7. c3 h6 8. Ne5 Qb6 9. Qc2 Nxe5 10. Bxe5 Bd7 11. O-O Be7 12. dxc5 Qxc5
13. Bd4 Qc7 14. f4 O-O 15. Nf3 Bb5 16. a4 Bxd3 17. Qxd3 Ne4 18. a5 Rac8 19. Bb6
Qd6 20. Rac1 Bd8 {#} 21. Bxd8 Rfxd8 22. c4 Qc5 23. cxd5 Qxc1 24. Qxe4 exd5 0-1

[Event "12e Tournoi de Noël"]
[Site "Montigny le Bretonneux"]
[Date "2009.12.27"]
[Round "2.4"]
[White "Etrog, Jonathan"]
[Black "Ferreira, Carlos"]
[Result "1-0"]
[WhiteElo "2178"]
[BlackElo "1872"]
[Annotator "Rivier,Sylvain"]
[PlyCount "91"]
[Source "La Dame Noire"]
[SourceDate "2009.01.01"]

{Défense vieille indienne, variante principale} 1. d4 Nf6 2. c4 d6 3. Nc3 Nbd7
4. Nf3 c6 5. g3 e5 6. Bg2 Be7 7. O-O O-O 8. e4 Re8 9. h3 Bf8 10. Re1 a6 11. Rb1
Qc7 12. Qc2 b6 13. Bg5 Be7 14. Nd1 h6 15. Be3 Nh7 16. Qd2 Ndf8 17. Nc3 Ng6 18.
Rbc1 Nf6 19. Re2 Bf8 20. Ne1 Bb7 21. b3 Rad8 22. Nd3 c5 23. d5 Bc8 24. f4 {#}
exf4 25. gxf4 Nh4 26. Bf2 Nxg2 27. Kxg2 Qd7 28. Rh1 Qc7 29. Bh4 Be7 30. Bg3 Nh5
31. Qe3 Bf6 32. e5 Nxg3 33. Qxg3 dxe5 34. fxe5 Be7 35. Rhe1 Bf8 36. Ne4 Kh8 37.
Rf2 Bb7 38. Qf4 Rd7 39. Nd6 Bxd6 40. exd6 Qd8 41. Rxe8+ Qxe8 42. Ne5 f6 43.
Nxd7 Qxd7 44. Re2 Bc8 45. Qe3 Kh7 46. Qe4+ 1-0